000 00720nam a22002055i 4500
001 157617
003 ES-MaACL
005 20240229183438.0
008 040902q18501900xxk |||| | eng d
040 _aCAM
_bspa
_cCAM
100 1 _aLethaby, W.R.
_9128910
245 1 0 _aArchitecture
_b: an introduction to the history and the theory of the art of building /
_cby W.R. Lethaby.
260 _aLondon :
_bWilliams and Norgate,
_c[s.a.]
300 _a256 p. ;
_c17 cm.
490 1 _aHome University Library of Modern Knowledge ;
_v39
650 0 4 _aArquitectura
_99986
830 0 _aHome University Library of Modern Knowledge ;
_v39
_9182346
852 _aES-MaACL
_jC-3114
_z-- Enc. tela
999 _c157617
_d157617